Lagu-lagu cinta tempatan (Tamil)

Bibliographic Details
Main Author: Elango, N.
Format: Book
Published: Chennai : Kaarya , 2005
Subjects:

MARC

LEADER 00000cam a2200000 7i4500
001 0000022202
005 20080726.0
008 080726
020 |a 11112016 
090 0 0 |a 793.31954   |b ELA 
100 1 |a Elango, N. 
245 1 0 |a Lagu-lagu cinta tempatan (Tamil)   |c N. Elango 
260 |a Chennai :   |b Kaarya ,   |c 2005 
650 0 |a Music   |z India 
999 |a 0001031650   |b Book   |c Tamil Collection   |e Perbadanan Perpustakaan Awam Johor 
999 |a 0001031651   |b Book   |c Tamil Collection   |e Perbadanan Perpustakaan Awam Johor 
999 |a 0001031652   |b Book   |c Tamil Collection   |e Cawangan Taman Sri Lambak 
999 |a 0001031653   |b Book   |c Tamil Collection   |e Cawangan Bukit Gambir